<?xml version="1.0" encoding="UTF-8"?>
<record
    xmlns:xsi="http://www.w3.org/2001/XMLSchema-instance"
    xsi:schemaLocation="http://www.loc.gov/MARC21/slim http://www.loc.gov/standards/marcxml/schema/MARC21slim.xsd"
    xmlns="http://www.loc.gov/MARC21/slim">

  <leader>01943nam a22001457a 4500</leader>
  <datafield tag="999" ind1=" " ind2=" ">
    <subfield code="c">533761</subfield>
    <subfield code="d">533761</subfield>
  </datafield>
  <controlfield tag="008">260616b           ||||| |||| 00| 0 eng d</controlfield>
  <datafield tag="100" ind1=" " ind2=" ">
    <subfield code="a">Phillips, Jeremy et al </subfield>
    <subfield code="9">61269</subfield>
  </datafield>
  <datafield tag="245" ind1=" " ind2=" ">
    <subfield code="a">Moving into danger? Embedding hazard modelling in a participatory workshop to support risk-sensitive urban development in Quito, Ecuador</subfield>
  </datafield>
  <datafield tag="260" ind1=" " ind2=" ">
    <subfield code="a">Environment &amp; Urbanization</subfield>
  </datafield>
  <datafield tag="300" ind1=" " ind2=" ">
    <subfield code="a">38(1), Apr, 2026: p.43-65</subfield>
  </datafield>
  <datafield tag="520" ind1=" " ind2=" ">
    <subfield code="a">Urban development increasingly takes the form of expansion at the edge of cities, often resulting in development of locations with greater exposure to natural hazards, as exemplified in Quito, which has experienced one hazard event per 0.8&#x2009;km2 of recent expansion. Predictive models of hazard impacts are thus important tools in planning, but their use can be limited by institutional technical capacity and data needs. In this paper, we present a trial approach of &#x201C;just good enough&#x201D; hazard modelling, using simplified but typical initial conditions and bold but reasonable parameterizations, to allow adequately realistic simulation of hazard events. This trial was run in a two-day participatory workshop with urban development departments of Quito municipality. Rapid participatory modelling proved effective in introducing hazard modelling to those without previous experience, fostering important discussion around hazard impacts and knowledge gaps, and opening broader planning dialogues across stakeholders, which is a critical first step in decision support and policy development.- Reproduced 

https://journals.sagepub.com/doi/full/10.1177/09562478261423161?_gl=1*xou2k4*_up*MQ..*_ga*MzI4NTE1NDM5LjE
3ODE2MDQ1MTI.*_ga_60R758KFDG*czE3ODE2MDQ1MTEkbzEkZzEkdDE3ODE2MDQ4MzYkajQ2JGwxJGgxNzQ5MDk3OTY2
</subfield>
  </datafield>
  <datafield tag="650" ind1=" " ind2=" ">
    <subfield code="a">&#x2022;	Disaster risk reduction, Natural hazards, Participatory modeling risk sensitive planning, Urban development, Urban expansion. </subfield>
    <subfield code="9">61270</subfield>
  </datafield>
  <datafield tag="773" ind1=" " ind2=" ">
    <subfield code="a">Environment &amp; Urbanization</subfield>
  </datafield>
  <datafield tag="942" ind1=" " ind2=" ">
    <subfield code="c">AR</subfield>
  </datafield>
  <datafield tag="952" ind1=" " ind2=" ">
    <subfield code="0">0</subfield>
    <subfield code="1">0</subfield>
    <subfield code="2">ddc</subfield>
    <subfield code="4">0</subfield>
    <subfield code="7">0</subfield>
    <subfield code="9">408939</subfield>
    <subfield code="a">IIPA</subfield>
    <subfield code="b">IIPA</subfield>
    <subfield code="d">2026-06-16</subfield>
    <subfield code="h">38(1), Apr, 2026: p.43-65</subfield>
    <subfield code="p">AR139231</subfield>
    <subfield code="r">2026-06-16</subfield>
    <subfield code="y">AR</subfield>
  </datafield>
</record>
